LDR 00676naa#a2200169#i#450# 001 EN\RIOR\bibl\126139 005 20260629153602.1 011 ## _a2409-6024 100 ## _a20260530b2026####ek#y0engy0150####ca 102 ## _aRU 200 1# _aINSTRUMENTS FOR ALIGNING SECTORAL AND TERRITORIAL INTERESTS IN THE SYSTEM OF STATE AND MUNICIPAL ADMINISTRATION _eJournal article 210 1# _aMoscow _cPublishing Center RIOR _d2026 215 ## _a19 с. 608 ## _aJournal article _2local 675 ## _aНизшая ступень органов управления. Местное управление. Общинное управление. 352 _z 700 #1 _aDmitrieva _gElena Olegovna 856 4# _ariorpub.com _u